Boosting green business.
| Format: | Book |
|---|---|
| Published: |
[S.l]:
[s.n],
2012.
|
| Subjects: |
| LEADER | 00414cam a2200145 7i4500 | ||
|---|---|---|---|
| 001 | 0000028096 | ||
| 005 | 20120823090000.0 | ||
| 020 | 0 | 0 | |a 9789292020873 |
| 090 | 0 | 0 | |a P 658.4083 |b BOO |
| 245 | 0 | 0 | |a Boosting green business. |
| 260 | 0 | 0 | |a [S.l]: |b [s.n], |c 2012. |
| 300 | # | # | |a 56 p. |
| 650 | 0 | 0 | |a Green products |
| 650 | 0 | 0 | |a Business enterprises -- |x Environmental aspects |
| 999 | |a 0000030934 |b Book |c Products |e Business Information Centre | ||


